Educación infantil: orientaciones y recursos, 0-6 años
שמור ב:
| Main Authors: | , |
|---|---|
| פורמט: | ספר |
| שפה: | ספרדית |
| יצא לאור: |
Barcelona
Cisspraxis
2000
|
| סדרה: | Ciss Praxis Educación
|
| נושאים: | |
| תגים: |
הוספת תג
אין תגיות, היה/י הראשונ/ה לתייג את הרשומה!
|
MARC
| LEADER | 00000nam a2200000 a 4500 | ||
|---|---|---|---|
| 001 | UCM7347 | ||
| 003 | CL-VaPUC | ||
| 008 | 021213e20000000SP |||||||||||||||||spa|d | ||
| 082 | 0 | 4 | |a 372.21 |b ANT |2 21 |
| 100 | |a Anton Rosera, Montserrat |e author |9 455545 | ||
| 700 | 0 | |a Moll Ferré, Blanca |e author |9 472928 | |
| 245 | 1 | 0 | |a Educación infantil: orientaciones y recursos, 0-6 años |
| 300 | |a v | ||
| 942 | |c BK | ||
| 945 | |d 20021213 00:00:00 |a cmena | ||
| 260 | |a Barcelona |b Cisspraxis |c 2000 | ||
| 500 | |a Incluye Cd-Rom | ||
| 650 | 0 | |a Educación preescolar |9 260381 | |
| 650 | 0 | |a Métodos de enseñanza |9 270413 | |
| 650 | 7 | |a MATERIAL Y EQUIPO DIDACTICOS |2 CL-VaPUC |9 309109 | |
| 650 | 0 | |a Planificación del currículo |9 269599 | |
| 583 | |a last modification |c 20021213 00:00:00 |k Rodrigo Vera | ||
| 490 | 0 | |a Ciss Praxis Educación | |
| 999 | |c 302189 |d 302187 | ||
| 952 | |0 0 |1 0 |4 0 |6 372_210000000000000_ANT_2000 |7 0 |8 A |9 362298 |a BIBEDU |b BIBEDU |d 2019-11-21 |h v.1 |i 3860418 |l 2 |o 372.21 ANT 2000 |p 3860418 |r 2023-09-01 |s 2023-03-24 |w 2019-11-21 |y BK |k EPE | ||
| 952 | |0 0 |1 0 |4 0 |6 372_210000000000000_ANT_2000 |7 0 |8 A |9 362299 |a BIBEDU |b BIBEDU |d 2019-11-21 |h v.2 |i 2075199 |l 1 |o 372.21 ANT 2000 |p 2075199 |r 2023-06-29 |s 2023-05-23 |w 2019-11-21 |y BK |k EPE | ||